Feed-back : anatomia de la mente lesbiana /

Guardat en:
Dades bibliogràfiques
Autor principal: Lagos, Marta
Format: Llibre
Idioma:espanyol
Publicat: [Madrid] : [S.n.], 2000
Etiquetes: Afegir etiqueta
Sense etiquetes, Sigues el primer a etiquetar aquest registre!

MARC

LEADER 00000nam a22000007i 4500
001 IT\ICCU\UBO\3939145
003 ItRI
005 20260115232350.0
008 120522s2000 sp |||||| ||||| |||||c
040 |b ita  |c importazione bologna sebina 
041 7 |a spa  |2 ISO-639-2 
100 1 |a Lagos, Marta  |0 IT\ICCU\TSAV\021947 
245 1 0 |a Feed-back :  |b anatomia de la mente lesbiana /  |c Marta Lagos. 
260 |a [Madrid] :  |b [S.n.],  |c 2000 
300 |a 46 p. :  |b ill. ;  |c 19 cm. 
942 |2 ddc  |c BK  |n 0 
952 |0 0  |1 0  |4 0  |6 L_306_766000000000000_LAG  |7 0  |9 24877  |a BO  |b BO  |d 2026-01-15  |i 15747  |l 0  |o L 306.766 LAG  |p BO15747  |r 2026-01-15 23:23:50  |w 2026-01-15  |x [Sebina 5] [1 v.]  |y BK  |z 1 v. 
952 |0 0  |1 0  |4 0  |6 L_306_766000000000000_LAG  |7 0  |9 24878  |a BO  |b BO  |d 2026-01-15  |i 17998  |l 0  |o L 306.766 LAG  |p BO17998  |r 2026-01-15 23:23:50  |w 2026-01-15  |x [Sebina 5] [1 v.]  |y BK  |z 1 v. (3. copia) 
952 |0 0  |1 0  |4 0  |6 L_306_766000000000000_LAG  |7 0  |9 24879  |a BO  |b BO  |d 2026-01-15  |i 15839  |l 0  |o L 306.766 LAG  |p BO15839  |r 2026-01-15 23:23:50  |w 2026-01-15  |x [Sebina 5] [1 v.]  |y BK  |z 1 v. (2. copia) 
999 |c 21144  |d 21144